000 00601nam a2200217 a 4500
001 22580
003 BD-RjUL
005 20211209000826.0
008 140308r19591897enk 000 1 eng d
035 _a(UkLCURL)070011076313
_a(BD-RjUL)22645
040 _aVRU
_cVRU
_dEQO
_dBD-RjUL
_beng
041 _aeng
082 0 4 _a824.91
_bBEH 1959
100 1 _aBeerbohm, Max,
_d1872-1956
_950419
245 1 4 _aThe happy hypocrite /
_cby Max Beerbohm.
260 _aLondon :
_bThe Bodley Head,
_c1959.
300 _a59 p. ;
_c20 cm.
650 0 7 _aFiction.
_969701
942 _2ddc
_cBK
999 _c22580
_d22580